000 01287nam2a2200301 4500
001 RU\NLR\BIBL_A\011413216
005 20250626062144.0
010 _a5-03-002895-1
_920000
035 _a(NLR Aleph) 011413216
090 _a11568993
_c11568993
100 _a20170622d1995 |||y0rusy50 ca
101 1 _arus
_ceng
102 _aRU
105 _aab||z|||001zy
200 1 _aЗагрязнение воды и воздуха
_fпер. Л.В. Самсоненко
210 _d1995
_aБ. м.
215 _a296 с.
_cил., карт.
320 _aПредм. указ.: с. 291-296
461 0 _1001RU\NLR\BIBL_A\011413218
_12001#$aСреда нашего обитания$eв 4 кн.$eпер. с англ.$vКн. 2
_1700#1$aРевелль$bП.$gПенелопа
_911569006
_aРевелль, П.
_cМосква
_d1994
_nМир
_oв 4 кн. : пер. с англ.
_tСреда нашего обитания
_y5030028935
_vКн. 2
606 1 _aВоздух
_xЗагрязнение
_9949414
_3RU\NLR\AUTH\6633942
606 1 _aВода
_xЗагрязнение
_91257217
_3RU\NLR\AUTH\66198271
686 1 _aР121.14
686 1 _aР121.15
852 _aNLR
_j95-5/771
942 _cBOOK
980 _aNB